| 000 | 00493nam a2200169Ia 4500 | ||
|---|---|---|---|
| 005 | 20250423094725.0 | ||
| 008 | 250422s9999 xx 000 0 und d | ||
| 020 | _a006008460X | ||
| 050 | _aT 55.85 .G55/ | ||
| 100 | _a Gilbert Frank B. jr. | ||
| 245 | 0 | _aCheaper by the dozen | |
| 260 | _aNew York | ||
| 260 | _c2002 | ||
| 300 | _a207 p | ||
| 650 | _aGilbreth, Frank Bunker, 1868-1924. Gilbreth, Lillian Moller, 1878-1972. Industrial engineers--United States--Biography. | ||
| 942 | _cBK | ||
| 999 |
_c28103 _d28103 |
||